AM Scrabble words 8 and under - Statistics

General Stats
  • This quiz has been taken 69 times
  • The average score is 37 of 215
Answer Stats
Answer % Correct
Am
100%
Ammo
96%
Ami
92%
Ama
88%
Amen
82%
Amin
82%
Amp
80%
Amu
80%
Amber
76%
Amid
69%
Amie
69%
Amaze
63%
Amass
57%
Amend
57%
Amia
57%
Among
57%
Amount
57%
Ample
57%
Amuse
57%
Amble
53%
Amazon
47%
Amiss
47%
Ampere
45%
Amiable
43%
Amino
43%
Ammino
43%
Amour
43%
Amidst
41%
Amir
39%
Amok
39%
Amply
39%
Amulet
39%
Amicable
37%
Ambit
35%
Ambo
35%
Amine
35%
Ammine
35%
Ammonia
35%
Amnesia
35%
Amnesty
35%
Amongst
35%
Ambient
31%
Ambler
31%
Ambrosia
31%
Amoeba
31%
Amide
29%
Amity
29%
Amorous
29%
Amort
29%
Ampul
29%
Amuck
29%
Amah
27%
Ambush
27%
Amender
27%
Ament
27%
Amigo
27%
Amnio
27%
Amoral
27%
Amplify
27%
Amuser
27%
Ambition
24%
Ambulate
24%
Amethyst
24%
Amole
24%
Ampule
24%
Amateur
22%
Ambience
22%
Amenable
22%
Amiably
22%
Amice
22%
Amido
22%
Amniotic
22%
Amyl
22%
Amalgam
20%
Ammonium
20%
Amnesiac
20%
Amphora
20%
Amputate
20%
Amicably
18%
Amain
16%
Ambulant
16%
Amenably
16%
Amenity
16%
Amiga
16%
Ammonite
16%
Amasser
14%
Amici
14%
Amicus
14%
Ammonic
14%
Amortise
14%
Amortize
14%
Amperage
14%
Ambiance
12%
Ambusher
12%
Ameba
12%
Amoebic
12%
Amphibia
12%
Amyloid
12%
Ammeter
10%
Amnion
10%
Amorally
10%
Ampoule
10%
Amputee
10%
Amygdala
10%
Amylose
10%
Amaranth
8%
Amazedly
8%
Ameer
8%
Amnionic
8%
Ambery
6%
Ambivert
6%
Amebic
6%
Amidin
6%
Amidship
6%
Amirite
6%
Ammono
6%
Amnesic
6%
Amtrack
6%
Amtrak
6%
Amusedly
6%
Amylase
6%
Amandine
4%
Amaretto
4%
Amatory
4%
Ambry
4%
Amidine
4%
Amidone
4%
Aminic
4%
Aminity
4%
Amirate
4%
Ammoniac
4%
Amniote
4%
Amoeban
4%
Amoeboid
4%
Amaretti
2%
Amarna
2%
Ambeer
2%
Amerce
2%
Amidic
2%
Amidol
2%
Ammolite
2%
Amnestic
2%
Amoretto
2%
Amotion
2%
Amrit
2%
Amtrac
2%
Amusable
2%
Amusia
2%
Amadavat
0%
Amadou
0%
Amanita
0%
Amanitin
0%
Amarelle
0%
Amarone
0%
Amative
0%
Amatol
0%
Amauti
0%
Amautik
0%
Ambage
0%
Ambari
0%
Ambary
0%
Amberina
0%
Amberoid
0%
Ambigram
0%
Amboina
0%
Ambones
0%
Amboyna
0%
Ambroid
0%
Ambsace
0%
Ameban
0%
Amebean
0%
Ameboid
0%
Ameerate
0%
Amelcorn
0%
Amenta
0%
Amentia
0%
Amentum
0%
Amercer
0%
Amesace
0%
Amiantus
0%
Amidase
0%
Amidogen
0%
Amiright
0%
Amitosis
0%
Amitotic
0%
Amitrole
0%
Ammocete
0%
Ammonal
0%
Ammonify
0%
Ammonoid
0%
Amnia
0%
Amnic
0%
Amoebean
0%
Amoretti
0%
Amorini
0%
Amorino
0%
Amorist
0%
Amoroso
0%
Amosite
0%
Ampacity
0%
Amphioxi
0%
Amphipod
0%
Amphoral
0%
Amplexus
0%
Ampulla
0%
Ampullar
0%
Amreeta
0%
Amrita
0%
Amusive
0%
Amygdale
0%
Amygdule
0%
Amylene
0%
Amylic
0%
Amylogen
0%
Amylum
0%
No matching quizzes found
Score Distribution
Percent of People with Each Score
Percentile by Number Answered
Your Score History
You have not taken this quiz